Statistics for City Where It Happened #2

Click here to take the quiz!

General Stats

  • This quiz has been taken 17,770 times
  • The average score is 13 of 20

Answer Stats

Year Event City % Correct
1997Princess Diana dies after a car crashParis
92%
44 BCAssassination of Julius CaesarRome
92%
1945First war-time use of the atomic bombHiroshima
91%
1773Colonists have a "party" to protest the Tea ActBoston
86%
387 BCPlato founds the AcademyAthens
85%
1605The Gunpowder PlotLondon
80%
1791Mozart dies at the age of 35Vienna
79%
1692Twenty "witches" executedSalem
77%
1992Rodney King riotsLos Angeles
75%
2011Arab Spring protests in Tahrir SquareCairo
74%
1865Assassination of Abraham Lincoln at Ford's theaterWashington D.C.
73%
1948Assassination of GandhiNew Delhi
70%
1847Brigham Young says "this is the place"Salt Lake City
53%
1968Assassination of Martin Luther King, Jr.Memphis
52%
70Second Temple destroyed by RomansJerusalem
52%
1975Americans evacuate this city by helicopterSaigon
46%
1937Rape of ______ by Japanese troopsNanjing
42%
1930Uruguay wins the first World CupMontevideo
40%
1938Conference to appease Hitler and give him part of CzechoslovakiaMunich
38%
53230,000 killed after chariot race fans riotConstantinople
19%

Score Distribution

Percentile by Number Answered

Percent of People with Each Score

Your Score History

You have not taken this quiz